Informe Final: Seminario Internacional de Comunicación en Programas de Salud
Guardat en:
| Autor corporatiu: | |
|---|---|
| Format: | Llibre |
| Idioma: | espanyol |
| Publicat: |
Santiago
Universitaria
1986
|
| Matèries: | |
| Etiquetes: |
Afegir etiqueta
Sense etiquetes, Sigues el primer a etiquetar aquest registre!
|
MARC
| LEADER | 00000nam a2200000 a 4500 | ||
|---|---|---|---|
| 001 | UCZ8482 | ||
| 003 | CL-VaPUC | ||
| 005 | 20211124074219.0 | ||
| 008 | 960121e19860000cl 1 spa d | ||
| 082 | 0 | 4 | |a 649.1 |b UNI |2 21 |
| 110 | 2 | |a UNICEF |e author |9 617487 | |
| 245 | 1 | 0 | |a Informe Final: Seminario Internacional de Comunicación en Programas de Salud |
| 260 | |a Santiago |b Universitaria |c 1986 | ||
| 300 | |a 190 p | ||
| 583 | |a last modification |c 19960121 00:00:00 |k Rodrigo Vera | ||
| 650 | 0 | 0 | |a Salud |9 258663 |
| 650 | 0 | 7 | |a BIENESTAR DE LA INFANCIA |2 CL-VaPUC |9 617488 |
| 650 | 0 | 0 | |a Niños |9 255605 |
| 650 | 0 | 7 | |a PROGRAMAS DE DESARROLLO |2 CL-VaPUC |9 335854 |
| 650 | 0 | 7 | |a PROGRAMAS SOCIALES |2 CL-VaPUC |9 324718 |
| 650 | 0 | 7 | |a POLITICA DE DESARROLLO |2 CL-VaPUC |9 335853 |
| 942 | |c BK | ||
| 945 | |a cmena |d 19960121 00:00:00 | ||
| 546 | |a En Español | ||
| 536 | |a UNICEF | ||
| 518 | |p Seminario Internacional de Comunicación en Programas de Salud, Buenos Aires, 20 al 23 de Mayo de 1985 | ||
| 999 | |c 382497 |d 382495 | ||
| 952 | |0 0 |1 0 |4 0 |6 649_100000000000000_UNI_1986 |7 0 |8 P |9 504226 |a BIBEDU |b BIBEDU |c BIBEDU_PB |d 2020-01-23 |i 161701K |o 649.1 UNI 1986 |p 161701K |r 2024-01-25 |w 2020-01-23 |y BK |k EDU | ||
| 952 | |0 0 |1 0 |4 0 |6 649_100000000000000_UNI_1986 |7 0 |8 P |9 504227 |a BIBEDU |b BIBEDU |c BIBEDU_PB |d 2020-01-23 |i 1617060 |o 649.1 UNI 1986 |p 1617060 |r 2024-01-25 |w 2020-01-23 |y BK |k EDU | ||